1177 1123 1926 1373 1808 1981 1012 1547 1845 1262 1666 1158 1211 1659 1662 1003 1176 1530 1869 1257 1821 1243 1199 1503 1573 1379 1450 1462 1793 1709 1575 1294 1840 1854 1728 1384 1348 1381 1417 1591 1649 1228 1508 1761 1812 1755 1183 1138 1873 1731 1101 1147 1742 1998 1413 1148 1558 1161 1066 1365 1393 1264 1168 1599 1393 1641 1444 1946 1316 1344 1530 1791 1869 1153 1876 1813 1639 1845 1479 1848 1773 1368 1275 1402 1256 1321 1237 1875 1064 1041 1546 1209 1932 1992 1497 1284 1327 1486 1967 BCNSPRNW ULIB Ver.6.0+V

เปลี่ยนเป็นภาษาไทย

Change to English
 แสดงรายละเอียดบรรณานุกรม
  กลับหน้าหลัก

Brief Record : Get Marc (ISO 2709) : E-mail record : QR code < ปิดหน้าต่าง
LEADER : 00000nam 2200000uu 4500
001    13399121310
003     ULIB
008    121114s2547||||th 000 0 tha d
020    ^a9742728739
050 04 ^aPN^bส239ส
100 0  ^aสมชาย สำราญเวชพร
245 10 ^aเสียงหัวร่อจากห้องตรวจจิตแพทย์ /^cสมชาย สำราญเวชพร
246 32 ^aการฝึกภาคปฏิบัติการผ่อนคลายกล้ามเนื้อ
250    ^aพิมพ์ครั้งที่ 1
260    ^aกรุงเทพฯ :^bหมอชาวบ้าน,^c2547
300    ^a109 หน้า ;^c19 ซม. +^e1 วีซีดี
500    ^aวีซีดี ให้ชื่อว่า: การฝึกภาคปฏิบัติการผ่อนคลายกล้ามเนื้อ. (CD-Med ส241ก2547)
650  2 ^aPsychiatry^xpopular works
945    ^p130^l0^i24325
995    ^aวิภา
999 ^a ใช้งานได้ทุกระบบ
รายการนี้ยังไม่มีแท็ก
คุณยังไม่ได้ล็อกอิน คุณสามารถมีกิจกรรมร่วมกับเว็บไซต์ได้ แต่ต้องล็อกอินก่อน ::
  ล็อกอิน

รายการสื่อสารสนเทศ

ลำดับที่ ประเภท เลขเรียก/บาร์โค้ด สถานที่ สถานะ
1. วิทยาศาสตร์การแพทย์ และสุขภาพ
วิทยาศาสตร์การแพทย์ และสุขภาพ
PN ส239ส  
  Barcode: 24325
ห้องสมุดวิทยาเขตสวรรค์ประชารักษ์
►หนังสือทั่วไป
บนชั้น

รายการใกล้เคียง
    ผู้แต่ง [สมชาย สำราญเวชพร]

BibComment


ยังไม่เคยถูกคอมเมนท์

คอมเมนท์ทรัพยากรรายการนี้
  คอมเมนท์: เสียงหัวร่อจากห้..


 Copyright 2026. Bcnsprnw @Library